000 01248nam a2200337 a 4500
001 ebr10511566
003 CaPaEBR
006 m u
007 cr cn|||||||||
008 111213s2011 enka sb 001 0 eng d
020 _z9781906985363
020 _z9781906985486 (e-book)
040 _aCaPaEBR
_cCaPaEBR
035 _a(OCoLC)769189771
050 1 4 _aRG626
_b.F48 2011eb
245 0 0 _aFetal medicine for the MRCOG and beyond
_h[electronic resource] /
_cAlan Cameron ... [et al.].
250 _a2nd ed.
260 _aLondon :
_bRCOG Press,
_c2011.
300 _ax, 214 p. :
_bill.
490 1 _aMRCOG and beyond series
504 _aIncludes bibliographical references and index.
533 _aElectronic reproduction.
_bPalo Alto, Calif. :
_cebrary,
_d2013.
_nAvailable via World Wide Web.
_nAccess may be limited to ebrary affiliated libraries.
650 0 _aFetus
_xDiseases.
650 0 _aFetus
_xAbnormalities.
650 0 _aPrenatal diagnosis.
655 7 _aElectronic books.
_2local
700 1 _aCameron, Alan.
710 2 _aebrary, Inc.
830 0 _aMRCOG and beyond series.
856 4 0 _uhttp://site.ebrary.com/lib/rucke/Doc?id=10511566
_zAn electronic book accessible through the World Wide Web; click to view
999 _c119392
_d119392